Movies Quiz

Random Movies or Actress Quiz
Score 0/25 Timer 06:00
3 Plays Today
Question Answer Wrong Answers
The Dark Knight
(2008)
Heath Ledger
86.7%
Christian Bale
6.5%
Maggie Gyllenhaal
0.6%
Michael Caine
2%
American History X
(1998)
Edward Norton
84.2%
Beverly D'Angelo
3%
Edward Furlong
5.5%
Elliott Gould
2.8%
The Usual Suspects
(1995)
Kevin Spacey
79.8%
Benicio del Toro
8.3%
Gabriel Byrne
4.7%
Kevin Pollak
2.5%
Saving Private Ryan
(1998)
Tom Hanks
77.8%
Edward Burns
2.3%
Matt Damon
10.4%
Tom Sizemore
5.1%
No Country for Old Men
(2007)
Javier Bardem
72.7%
Josh Brolin
6.6%
Kelly MacDonald
1.1%
Tommy Lee Jones
15.2%
It's a Wonderful Life
(1946)
James Stewart
71.2%
Donna Reed
10%
Lionel Barrymore
10.7%
Thomas Mitchell
3.5%
Dr. Strangelove or: How I Learned to Stop Worrying and Love the Bomb
(1964)
Peter Sellers
70.1%
George C. Scott
16.1%
Slim Pickens
4.9%
Sterling Hayden
4.2%
Vicky Cristina Barcelona
(2008)
Penélope Cruz
70%
Javier Bardem
13.2%
Rebecca Hall
2.9%
Scarlett Johansson
9.5%
The Shawshank Redemption
(1994)
Morgan Freeman
68.9%
Bob Gunton
1%
Clancy Brown
1%
Tim Robbins
24.8%
Star Wars: Episode IV - A New Hope
(1977)
Alec Guinness
68.1%
Carrie Fisher
7%
Harrison Ford
16.1%
Mark Hamill
4.7%
The Lord of the Rings: The Fellowship of the Ring
(2001)
Ian McKellen
65%
Elijah Wood
10.9%
Sean Bean
2.3%
Viggo Mortensen
17.4%
The Green Mile
(1999)
Michael Clarke Duncan
63.6%
Bonnie Hunt
1.3%
Michael Jeter
1.6%
Tom Hanks
29.2%
Django Unchained
(2012)
Christoph Waltz
60%
Jamie Foxx
17.9%
Leonardo DiCaprio
11.8%
Samuel L. Jackson
6.1%
Eternal Sunshine of the Spotless Mind
(2004)
Kate Winslet
59%
Jim Carrey
27.1%
Mark Ruffalo
5.5%
Tom Wilkinson
4%
Some Like It Hot
(1960)
Jack Lemmon
52.5%
George Raft
3.1%
Marilyn Monroe
23.5%
Tony Curtis
16.3%
Ed Wood
(1994)
Martin Landau
49.9%
Johnny Depp
35.1%
Patricia Arquette
7.3%
Sarah Jessica Parker
3.2%
L.A. Confidential
(1997)
Kim Basinger
46.7%
Guy Pearce
8.8%
Kevin Spacey
23.7%
Russell Crowe
16.4%
Sweeney Todd: The Demon Barber of Fleet Street
(2007)
Johnny Depp
45.3%
Alan Rickman
9.2%
Helena Bonham Carter
36.2%
Sacha Baron Cohen
4.7%
Requiem for a Dream
(2000)
Ellen Burstyn
42.9%
Jared Leto
24.4%
Jennifer Connelly
24.9%
Marlon Wayans
3.4%
Casino
(1995)
Sharon Stone
37.3%
Don Rickles
2.2%
Joe Pesci
25.8%
Robert DeNiro
30.3%
Psycho
(1960)
Janet Leigh
34.8%
Anthony Perkins
52.5%
Martin Balsam
3.8%
Vera Miles
4.4%
The Sting
(1973)
Robert Redford
30.3%
Eileen Brennan
7.4%
Charles Durning
7.7%
Paul Newman
50%
Apocalypse Now
(1979)
Robert Duvall
30.2%
Dennis Hopper
6.5%
Marlon Brando
38.1%
Martin Sheen
20.8%
The Departed
(2006)
Mark Wahlberg
24.5%
Jack Nicholson
31.7%
Leonardo DiCaprio
33.5%
Matt Damon
6.2%
Singin' in the Rain
(1952)
Jean Hagen
10%
Debbie Reynolds
15.9%
Donald O'Connor
7.8%
Gene Kelly
61.8%
Remove Ads.
Support Sporcle.
Get the best of Sporcle when you Go Orange. This ad-free experience offers more features, more stats, and more fun while also helping to support Sporcle. Thank you for becoming a member.

You're not logged in!

Compare scores with friends on all Sporcle quizzes.
OR
Log In

Show Comments

Extras

Top Quizzes Today


Score Distribution

Your Account Isn't Verified!

In order to create a playlist on Sporcle, you need to verify the email address you used during registration. Go to your Sporcle Settings to finish the process.

Report this User

Report this user for behavior that violates our Community Guidelines.

Details: